Организация прогнозирования чрезвычайных ситуаций в зонах возможных наводнений; Инновационные технологии в машиностроении

Bibliografiske detaljer
Parent link:Инновационные технологии в машиностроении.— 2017.— [С. 258-261]
Hovedforfatter: Гавриленко Л. С.
Institution som forfatter: Национальный исследовательский Томский политехнический университет (ТПУ) Юргинский технологический институт (филиал) (ЮТИ) Кафедра безопасности жизнедеятельности, экологии и физического воспитания (БЖДЭФВ)
Andre forfattere: Алиева Е. Ю., Родионов П. В. Павел Вадимович
Summary:Заглавие с экрана
Прогнозирование чрезвычайных ситуаций в зонах возможных наводнений на территории Российской Федерации - важнейшая задача сил РСЧС по предупреждению чрезвычайных ситуаций в зонах возможных затоплений. Информация о приближающемся наводнении позволяет предупредить население и принять соответствующие превентивные меры предосторожности.
Sprog:russisk
Udgivet: 2017
Serier:Защита окружающей среды, безопасность и охрана труда на предприятиях
Fag:
Online adgang:http://earchive.tpu.ru/handle/11683/38663
Format: MixedMaterials Electronisk Book Chapter
KOHA link:https://koha.lib.tpu.ru/cgi-bin/koha/opac-detail.pl?biblionumber=622584

MARC

LEADER 00000naa2a2200000 4500
001 622584
005 20231224141134.0
035 |a (RuTPU)RU\TPU\conf\21353 
035 |a RU\TPU\conf\21352 
090 |a 622584 
100 |a 20170525d2017 k y0rusy50 ca 
101 0 |a rus 
102 |a RU 
105 |a y z 101zy 
135 |a drgn ---uucaa 
181 0 |a i  
182 0 |a b 
200 1 |a Организация прогнозирования чрезвычайных ситуаций в зонах возможных наводнений  |f Л. С. Гавриленко, Е. Ю. Алиева, П. В. Родионов 
203 |a Текст  |c электронный 
225 1 |a Защита окружающей среды, безопасность и охрана труда на предприятиях 
300 |a Заглавие с экрана 
320 |a [Библиогр.: с. 261 (4 назв.)] 
330 |a Прогнозирование чрезвычайных ситуаций в зонах возможных наводнений на территории Российской Федерации - важнейшая задача сил РСЧС по предупреждению чрезвычайных ситуаций в зонах возможных затоплений. Информация о приближающемся наводнении позволяет предупредить население и принять соответствующие превентивные меры предосторожности. 
463 0 |0 (RuTPU)RU\TPU\conf\21273  |t Инновационные технологии в машиностроении  |o сборник трудов VIII Международной научно-практической конференции, 18-20 мая 2017 г., Юрга  |f Национальный исследовательский Томский политехнический университет (ТПУ), Юргинский технологический институт (ЮТИ) ; под ред. Д. А. Чинахова  |v [С. 258-261]  |d 2017 
610 1 |a труды учёных ТПУ 
610 1 |a электронный ресурс 
610 1 |a прогнозирование 
610 1 |a чрезвычайные ситуации 
610 1 |a гидрологические явления 
610 1 |a ликвидация 
610 1 |a мониторинг 
700 1 |a Гавриленко  |b Л. С. 
701 1 |a Алиева  |b Е. Ю. 
701 1 |a Родионов  |b П. В.  |c специалист в области экологии и безопасности жизнедеятельности  |c старший преподаватель Юргинский технологический институт (филиала) Томского политехнического университета, кандидат педагогических наук  |f 1972-  |g Павел Вадимович  |3 (RuTPU)RU\TPU\pers\32092  |9 16131 
712 0 2 |a Национальный исследовательский Томский политехнический университет (ТПУ)  |b Юргинский технологический институт (филиал) (ЮТИ)  |b Кафедра безопасности жизнедеятельности, экологии и физического воспитания (БЖДЭФВ)  |3 (RuTPU)RU\TPU\col\18930 
801 2 |a RU  |b 63413507  |c 20170630  |g RCR 
856 4 |u http://earchive.tpu.ru/handle/11683/38663 
942 |c BK